Anglické odborné texty pre poslucháčov Stavebnej fakulty

Podrobná bibliografia
Hlavný autor: Mrlianová-Marušiaková, Svetlana, 1945-1993 (Autor)
Médium: Kniha
Jazyk:angličtina
Fyzický popis:102 s. 29 cm
Vydavateľské údaje: V Bratislave Slovenská technická univerzita 1994
ISBN:8022706531
Vydanie:3. vyd.
Predmet:

MARC

LEADER 00000cam a2200000 a 4500
001 vtls001075058
003 SK-MaSNL
005 20260425221807.0
008 250414s1994 xo frnp 000 0 eng
015 |a SNBA1994/08 
020 |a 8022706531  |q (brož.) 
035 |a SNK000017890 
035 |a urn:nbn:sk:snk-amlgwd 
035 |a urn:nbn:sk:snk-am00bm8h 
035 |a 72F30825-C35A-47F0-9393-90C47F5438EA 
040 |a SNK  |b slo  |c SNK  |e AACR2 
041 0 |a eng 
044 |a xo  |c SK 
072 7 |a 811.111  |x Angličtina  |2 konspekt 
072 7 |a 37.016  |x Učebné osnovy. Vyučovacie predmety. Učebnice  |2 konspekt 
072 7 |a 69  |x Stavebníctvo  |2 konspekt 
080 |a 802.0-316.4:69(075.8)  |2 1981 
080 |a 69  |2 1981 
080 |a 811.111  |2 2011 
080 |a 69  |2 2011 
080 |a 81'42'373.46  |2 2001 
080 |a (075.8)  |2 2011 
100 1 |a Mrlianová-Marušiaková, Svetlana,  |d 1945-1993  |4 aut  |9 60412 
245 1 0 |a Anglické odborné texty pre poslucháčov Stavebnej fakulty  |c Svetlana Marušiaková 
250 |a 3. vyd. 
260 |a V Bratislave  |b Slovenská technická univerzita  |c 1994 
300 |a 102 s.  |c 29 cm 
366 |e 100 kusov 
500 |a 1. dotlač 
500 |a Vydala Slovenská technická univerzita v Bratislave, Stavebná fakulta 
504 |a Bibliografia na strane [103] 
546 |a Čiastočný text v slovenčine 
610 2 7 |a Slovenská technická univerzita v Bratislave.  |b Stavebná fakulta  |2 SNKKA  |9 166787 
650 0 7 |a angličtina  |2 SNKPH  |9 1260 
650 0 7 |a stavebníctvo  |2 SNKPH  |9 726 
650 0 7 |a odborné texty  |2 SNKPH  |9 63855 
655 7 |a učebnice vysokých škôl  |2 SNKPH  |9 70191 
710 2 |a Slovenská technická univerzita v Bratislave.  |b Stavebná fakulta  |4 pbl  |9 166787 
752 |a Slovensko  |d Bratislava 
852 |a Slovenská národná knižnica 
919 |a 80-227-0653-1 
954 |a odborná, vedecká literatúra pôvodná (slovenská)  |2 lita 
958 |a RK 
958 |a TL 
958 |a NB 
958 |a OND 
958 |a UV 
999 |c 533149  |d 535079 
952 |a SNK  |b SNK  |y PREZ  |7 0  |p 17A0905027  |o snkSB 52482  |i snkKSP 4590/94  |0 0  |1 0  |4 0  |d 2012-07-17  |f 1  |l 0  |r 2025-03-18 00:00:00  |w 2026-02-23 
952 |a SNK  |b SNK  |y VYP  |7 0  |p 17A0080110  |o snkSB 52482 D1  |0 0  |1 0  |4 0  |d 1997-07-16  |l 0  |r 2004-12-31 00:00:00  |w 2026-02-23